[Event "British Universities-ch"]
[Site "Chess.com INT"]
[Date "2022.03.05"]
[Round "1.1"]
[White "Gordon, Sean2222"]
[Black "Davis, Holden"]
[Result "0-1"]
[WhiteElo "1778"]
[BlackElo "1883"]
[PlyCount "136"]
[EventDate "2022.03.05"]
[EventType "swiss"]
[EventRounds "9"]
[EventCountry "ENG"]
[SourceTitle "EXT 2023"]
[Source "ChessBase"]
[SourceDate "2022.10.05"]
[SourceVersion "1"]
[SourceVersionDate "2022.10.05"]
[SourceQuality "1"]
[WhiteTeam "Brunel"]
[BlackTeam "Warwick (Kings) II"]
[WhiteTeamCountry "ENG"]
[BlackTeamCountry "ENG"]

1. e4 e6 2. d4 d5 3. Nc3 Bb4 4. e5 c5 5. Bd2 Ne7 6. a3 Bxc3 7. Bxc3 cxd4 8. Bxd4 Nbc6 9. Nf3 Bd7 10. Bc3 Rc8 11. Bd3 h6 12. 0-0 a6 13. Qd2 0-0 14. Rae1 b5 15. Nd4 Qc7 16. f4 Nxd4 17. Bxd4 Nf5 18. Bxf5 exf5 19. Rc1 Be6 20. Rf3 Qb7 21. Re1 Rc4 22. Ree3 Rfc8 23. Rc3 Qd7 24. b3 Rxc3 25. Rxc3 Rc6 26. b4 Rc4 27. Rxc4 dxc4 28. Be3 Qc6 29. Qd4 Bd5 30. Qd2 c3 31. Qf2 Be4 32. Bc5 Qd5 33. Qd4 Bxg2 34. Qxd5 Bxd5 35. Bd4 Be4 36. Bxc3 Bxc2 37. Kf2 Kh7 38. Kg3 g5 39. Bd4 Kg6 40. h4 g4 41. Bc5 h5 42. Be7 Kg7 43. Kf2 Bb3 44. Kg3 f6 45. Bxf6+ Kf7 46. Kf2 Ke6 47. Ke3 Kd5 48. Be7 Bd1 49. Bc5 Bb3 50. Bd4 Bd1 51. Bc5 Bf3 52. Bf8 Be4 53. Bc5 Bb1 54. Bf8 Ba2 55. Bc5 Kc4 56. e6 Kc3 57. Bd4+ Kc2 58. e7 Bf7 59. Bc5 Kb3 60. Kd4 Kxa3 61. Ke5 Ka4 62. Kxf5 a5 63. Kf6 Be8 64. bxa5 Kxa5 65. Ke5 b4 66. Kd5 b3 67. Bd4 Kb4 68. f5 g3 0-1

[Event "English Online Blitz Gp2"]
[Site "Chess.com INT"]
[Date "2020.05.09"]
[Round "8"]
[White "Davis, Holden"]
[Black "Grieve, Harry"]
[Result "1-0"]
[WhiteElo "1882"]
[BlackElo "2355"]
[PlyCount "83"]
[EventDate "2020.05.09"]
[EventType "swiss (blitz)"]
[EventRounds "11"]
[EventCountry "ENG"]
[SourceTitle "CBM 196 Extra"]
[Source "ChessBase"]
[SourceDate "2020.07.31"]
[SourceVersion "1"]
[SourceVersionDate "2020.07.31"]
[SourceQuality "1"]

1. e4 c5 2. d4 cxd4 3. c3 Nf6 4. e5 Nd5 5. Nf3 e6 6. cxd4 d6 7. a3 Nc6 8. Bd3 Qc7 9. Qe2 b6 10. 0-0 Bb7 11. Re1 Rc8 12. Bd2 h6 13. Nc3 Na5 14. Nb5 Qb8 15. Bxa5 bxa5 16. exd6 Bxd6 17. Nxd6+ Qxd6 18. Bb5+ Ke7 19. Ne5 Nf4 20. Qg4 Nxg2 21. Qxg7 Nxe1 22. Qxf7+ Kd8 23. Qxb7 Qc7 24. Nf7+ Ke7 25. Qxc7+ Rxc7 26. Nxh8 Nf3+ 27. Kg2 Nxd4 28. Bd3 Kf6 29. Ng6 e5 30. Nh4 Rd7 31. Be4 Nb3 32. Re1 Rd2 33. Nf3 Rxb2 34. Bd5 Nc5 35. Rxe5 Nd3 36. Re6+ Kf5 37. Nd4+ Kf4 38. Re4+ Kg5 39. Kg3 Nxf2 40. Re6 Nd3 41. h4+ Kh5 42. Bf3# 1-0

[Event "London Chess Classic: Blitz B"]
[Site "London"]
[Date "2019.12.08"]
[Round "9"]
[White "Davis, Holden"]
[Black "Ozturan, Cem"]
[Result "1-0"]
[WhiteElo "1769"]
[BlackElo "1853"]
[PlyCount "87"]
[EventDate "2019.12.08"]
[EventType "swiss (blitz)"]
[EventRounds "11"]
[EventCountry "ENG"]
[SourceTitle "EXT 2021"]
[Source "ChessBase"]
[SourceDate "2020.10.23"]
[SourceVersion "1"]
[SourceVersionDate "2020.10.23"]
[SourceQuality "1"]

1. e4 d5 2. exd5 Qxd5 3. Nc3 Qd8 4. d4 Nf6 5. h3 c6 6. Nf3 Bf5 7. Bd3 Bxd3 8. Qxd3 e6 9. 0-0 Bd6 10. Re1 0-0 11. Bg5 Nbd7 12. Rad1 Be7 13. Ne2 c5 14. dxc5 Nxc5 15. Qb5 Qc7 16. Bf4 Qb6 17. Qxb6 axb6 18. a3 Rfd8 19. Nc3 h6 20. Rxd8+ Rxd8 21. Bc7 Rc8 22. Bxb6 Rc6 23. Bxc5 Bxc5 24. Rd1 Bxa3 25. Ne5 Rc8 26. bxa3 Rxc3 27. Rd8+ Kh7 28. Nxf7 Rxc2 29. Ne5 Ne4 30. f3 Rc1+ 31. Kh2 Nf6 32. Rd6 Rc3 33. a4 Ra3 34. Rb6 Rxa4 35. Rxb7 Ra2 36. Re7 Re2 37. Kg3 Nh5+ 38. Kh2 Nf6 39. Nc6 Nh5 40. Nd4 Rd2 41. Nxe6 Nf6 42. Rxg7+ Kh8 43. Rg6 Nd5 44. Rxh6+ 1-0

[Event "London Chess Classic: Blitz B"]
[Site "London"]
[Date "2019.12.08"]
[Round "1"]
[White "Howell, David"]
[Black "Davis, Holden"]
[Result "1-0"]
[WhiteElo "2650"]
[BlackElo "1769"]
[PlyCount "27"]
[EventDate "2019.12.08"]
[EventType "swiss (blitz)"]
[EventRounds "11"]
[EventCountry "ENG"]
[SourceTitle "EXT 2021"]
[Source "ChessBase"]
[SourceDate "2020.10.23"]
[SourceVersion "1"]
[SourceVersionDate "2020.10.23"]
[SourceQuality "1"]

1. d4 e6 2. Bf4 f5 3. e3 Nf6 4. h3 b6 5. Be2 Bb7 6. Bf3 Ne4 7. Nd2 d5 8. Be5 Rg8 9. Bxe4 dxe4 10. Qh5+ Kd7 11. Qxh7 Be7 12. Ne2 Nc6 13. 0-0-0 Qf8 14. Qg6 1-0

[Event "London Chess Classic: Blitz B"]
[Site "London"]
[Date "2019.12.08"]
[Round "5"]
[White "Watson, Mikey J"]
[Black "Davis, Holden"]
[Result "1/2-1/2"]
[WhiteElo "1748"]
[BlackElo "1769"]
[PlyCount "123"]
[EventDate "2019.12.08"]
[EventType "swiss (blitz)"]
[EventRounds "11"]
[EventCountry "ENG"]
[SourceTitle "EXT 2021"]
[Source "ChessBase"]
[SourceDate "2020.10.23"]
[SourceVersion "1"]
[SourceVersionDate "2020.10.23"]
[SourceQuality "1"]

1. e4 e6 2. d4 d5 3. e5 c5 4. c3 Nc6 5. Nf3 Qb6 6. Bd3 Bd7 7. 0-0 Rc8 8. a4 c4 9. Bc2 Na5 10. Nbd2 Ne7 11. Re1 h5 12. Nf1 Nf5 13. Bf4 g6 14. Ne3 Nb3 15. Ra2 a5 16. Nxf5 gxf5 17. h4 Be7 18. Bg5 Bc6 19. Qe2 Qc7 20. Qe3 Qd7 21. Bxe7 Qxe7 22. Ra3 Rg8 23. Bxb3 cxb3 24. Rxb3 Bxa4 25. Ra3 Bc2 26. Rxa5 Be4 27. Ng5 Qc7 28. Rea1 Qb6 29. Ra8 Ke7 30. Rxc8 Rxc8 31. Nxe4 dxe4 32. Qg5+ Kd7 33. Qxh5 Ke8 34. Qh8+ Kd7 35. Qf6 Qxb2 36. Qxf7+ Kd8 37. Qf8+ Kd7 38. Qd6+ Ke8 39. Qxe6+ Kd8 40. Qf6+ Ke8 41. Qg6+ Kd8 42. Qg8+ Kd7 43. Qd5+ Ke8 44. Qe6+ Kd8 45. Qf6+ Ke8 46. Qg6+ Kd8 47. Qg5+ Ke8 48. Ra5 Qxc3 49. Rc5 Qe1+ 50. Kh2 Rxc5 51. dxc5 Qxf2 52. Qg6+ Ke7 53. Qf6+ Ke8 54. h5 Qf4+ 55. g3 Qf2+ 56. Kh3 Qf1+ 57. Kh4 e3 58. Qe6+ Kd8 59. Qd6+ Ke8 60. Qg6+ Kd8 61. Qd6+ Ke8 62. Qe6+ 1/2-1/2

[Event "London Classic op 11th"]
[Site "London"]
[Date "2019.12.03"]
[Round "6"]
[White "Davis, Holden"]
[Black "Bukojemski, Adam"]
[Result "0-1"]
[WhiteElo "1840"]
[BlackElo "2211"]
[PlyCount "104"]
[EventDate "2019.11.29"]
[EventType "swiss"]
[EventRounds "9"]
[EventCountry "ENG"]
[SourceTitle "CBM 193 Extra"]
[Source "ChessBase"]
[SourceDate "2020.01.31"]
[SourceVersion "1"]
[SourceVersionDate "2020.01.31"]
[SourceQuality "1"]

1. e4 c5 2. d4 cxd4 3. c3 dxc3 4. Nxc3 Nc6 5. Nf3 e6 6. Bc4 Nge7 7. Bg5 f6 8. Be3 Ng6 9. 0-0 a6 10. Nd4 b5 11. Bb3 Nxd4 12. Bxd4 Bd6 13. g3 Qe7 14. Rc1 Bb7 15. f4 0-0 16. Re1 Rac8 17. Qe2 Rc7 18. Rcd1 Bc5 19. Qf2 Rfc8 20. Bxc5 Rxc5 21. Qd4 Nf8 22. a3 Qf7 23. Qd6 Qh5 24. Qb6 R8c7 25. f5 R5c6 26. fxe6 dxe6 27. Qd4 Qc5 28. Qxc5 Rxc5 29. Rd6 Kf7 30. Red1 Ke7 31. Kf2 Rd7 32. Rb6 Rxd1 33. Nxd1 Bc8 34. Nc3 Kd7 35. a4 Kc7 36. a5 Rc6 37. Rxc6+ Kxc6 38. Ke3 Kc5 39. Bc2 Nd7 40. e5 Nxe5 41. Ne4+ Kc6 42. b4 Ng4+ 43. Ke2 Nxh2 44. Nc5 f5 45. Ke3 g5 46. Bd1 Kd6 47. Be2 Kd5 48. Kd3 e5 49. Bd1 e4+ 50. Kc3 g4 51. Bb3+ Ke5 52. Bg8 Nf1 0-1

[Event "London Classic op 11th"]
[Site "London"]
[Date "2019.11.30"]
[Round "3"]
[White "Davis, Holden"]
[Black "Villiers, Thomas"]
[Result "1/2-1/2"]
[WhiteElo "1840"]
[BlackElo "2145"]
[PlyCount "79"]
[EventDate "2019.11.29"]
[EventType "swiss"]
[EventRounds "9"]
[EventCountry "ENG"]
[SourceTitle "CBM 193 Extra"]
[Source "ChessBase"]
[SourceDate "2020.01.31"]
[SourceVersion "1"]
[SourceVersionDate "2020.01.31"]
[SourceQuality "1"]

1. e4 c5 2. d4 cxd4 3. c3 d3 4. Bxd3 d6 5. c4 g6 6. h3 Bg7 7. Nf3 Nf6 8. Nc3 0-0 9. Be3 Nbd7 10. Qe2 b6 11. Rc1 Bb7 12. Bb1 Rc8 13. Nd2 Qc7 14. 0-0 Qb8 15. b3 Qa8 16. f3 Rfe8 17. Rfd1 e6 18. Nf1 d5 19. cxd5 exd5 20. Nxd5 Nxd5 21. Rxc8 Rxc8 22. exd5 Bxd5 23. Qd2 Bc6 24. Ng3 Nc5 25. Bh6 Be5 26. Nf5 Re8 27. Bf4 Qb8 28. Nh6+ Kf8 29. Bxe5 Qxe5 30. Ng4 Qe6 31. Qh6+ Kg8 32. Qg5 Nd7 33. Bf5 Qe2 34. Rd2 Qe1+ 35. Kh2 f6 36. Rxd7 fxg5 37. Nf6+ Kf8 38. Nxh7+ Kg8 39. Nf6+ Kf8 40. Nh7+ 1/2-1/2

[Event "London Classic op 11th"]
[Site "London"]
[Date "2019.11.29"]
[Round "1"]
[White "Akots, Gabor"]
[Black "Davis, Holden"]
[Result "1-0"]
[WhiteElo "2221"]
[BlackElo "1840"]
[PlyCount "87"]
[EventDate "2019.11.29"]
[EventType "swiss"]
[EventRounds "9"]
[EventCountry "ENG"]
[SourceTitle "CBM 193 Extra"]
[Source "ChessBase"]
[SourceDate "2020.01.31"]
[SourceVersion "1"]
[SourceVersionDate "2020.01.31"]
[SourceQuality "1"]

1. d4 e6 2. c4 f5 3. g3 Nf6 4. Bg2 Be7 5. Nf3 0-0 6. 0-0 d6 7. Nc3 a5 8. Qc2 Nc6 9. e4 e5 10. dxe5 dxe5 11. exf5 Ng4 12. Rd1 Bxf5 13. Rxd8 Bxc2 14. Rxa8 Rxa8 15. h3 Nf6 16. Be3 Bd3 17. b3 Bb4 18. Nb5 a4 19. Rc1 axb3 20. axb3 e4 21. Ng5 Na5 22. Nxc7 Rc8 23. Nd5 Nxd5 24. cxd5 Rxc1+ 25. Bxc1 Nxb3 26. Be3 Nc5 27. Bxc5 Bxc5 28. Bxe4 Bxe4 29. Nxe4 Ba3 30. Kf1 h6 31. Ke2 Kf7 32. Kd3 Ke7 33. Kc4 Bb2 34. Kc5 Kd7 35. f3 Be5 36. f4 Bc7 37. d6 Ba5 38. Kd5 Bb4 39. f5 Be1 40. Nc5+ Kc8 41. d7+ Kc7 42. Ke6 Bxg3 43. Nxb7 Bh4 44. d8Q+ 1-0

[Event "Wch U20 58th"]
[Site "New Delhi"]
[Date "2019.10.19"]
[Round "6"]
[White "Doluweera, Minul Sanjula"]
[Black "Davis, Holden"]
[Result "1/2-1/2"]
[WhiteElo "2191"]
[BlackElo "1817"]
[PlyCount "102"]
[EventDate "2019.10.15"]
[EventType "swiss"]
[EventRounds "11"]
[EventCountry "IND"]
[SourceTitle "CBM 192 Extra"]
[Source "Chessbase"]
[SourceDate "2019.11.06"]
[SourceVersion "1"]
[SourceVersionDate "2019.11.06"]
[SourceQuality "1"]

1. d4 e6 2. c4 f5 3. Nc3 Nf6 4. Qc2 b6 5. e3 Bb7 6. f3 Bb4 7. Bd3 0-0 8. Bd2 c5 9. Nge2 Nc6 10. a3 cxd4 11. exd4 Bd6 12. b4 Rc8 13. c5 Bb8 14. Be3 Ne7 15. Qd2 Ned5 16. Nxd5 Nxd5 17. Nc3 Nxe3 18. Qxe3 bxc5 19. bxc5 e5 20. 0-0 exd4 21. Qxd4 Qc7 22. Ne2 Qxh2+ 23. Kf2 Be5 24. Qc4+ d5 25. Qb4 Bxa1 26. Rxa1 Bc6 27. Nd4 Bd7 28. Ba6 Rb8 29. Qd2 f4 30. c6 Bh3 31. Bf1 Qg3+ 32. Kg1 Rbe8 33. Rc1 Rf6 34. c7 Bc8 35. Qa5 Qg5 36. Rc5 Qe5 37. Nc2 Qd6 38. Nd4 Qe7 39. Nc2 d4 40. Qxa7 Rd6 41. Bc4+ Kh8 42. Bd3 Re6 43. Rh5 g6 44. Qxd4+ Qg7 45. Rd5 Qxd4+ 46. Nxd4 R6e7 47. Rd8 Kg7 48. Nc6 Rxc7 49. Rxe8 Rxc6 50. Bb5 Rc1+ 51. Kh2 h5 1/2-1/2

[Event "Wch U20 58th"]
[Site "New Delhi"]
[Date "2019.10.16"]
[Round "2"]
[White "Audi, Ameya"]
[Black "Davis, Holden"]
[Result "1-0"]
[WhiteElo "2336"]
[BlackElo "1817"]
[PlyCount "47"]
[EventDate "2019.10.15"]
[EventType "swiss"]
[EventRounds "11"]
[EventCountry "IND"]
[SourceTitle "CBM 192 Extra"]
[Source "Chessbase"]
[SourceDate "2019.11.06"]
[SourceVersion "1"]
[SourceVersionDate "2019.11.06"]
[SourceQuality "1"]

1. Nf3 e6 2. g3 f5 3. Bg2 Nf6 4. 0-0 Be7 5. d3 0-0 6. Nbd2 d6 7. a4 a5 8. Nc4 Qe8 9. Nd4 e5 10. Nb5 Bd8 11. Bg5 Qh5 12. Bxf6 Rxf6 13. e4 Qh6 14. d4 exd4 15. e5 dxe5 16. Nxe5 c6 17. Qxd4 Rf8 18. Nd6 Be6 19. Nxb7 Bf6 20. Nc5 Rd8 21. Qc3 Bf7 22. Nxf7 Kxf7 23. Qb3+ Kg6 24. Ne6 1-0

[Event "GBR-ch Major 105th"]
[Site "Hull"]
[Date "2018.07.31"]
[Round "4"]
[White "Anilkumar, Anantha P"]
[Black "Davis, Holden"]
[Result "1/2-1/2"]
[WhiteElo "1903"]
[BlackElo "1782"]
[PlyCount "49"]
[EventDate "2018.07.28"]
[EventType "swiss"]
[EventRounds "9"]
[EventCountry "ENG"]
[SourceTitle "CBM 185 Extra"]
[Source "ChessBase"]
[SourceDate "2018.07.29"]
[SourceVersion "1"]
[SourceVersionDate "2018.07.29"]
[SourceQuality "1"]

1. d4 Nf6 2. c4 c5 3. d5 b5 4. a4 bxc4 5. Nc3 d6 6. e4 Nbd7 7. f4 Rb8 8. Nf3 e6 9. dxe6 fxe6 10. Bxc4 Nb6 11. Bb5+ Bd7 12. e5 Nfd5 13. exd6 Nxc3 14. bxc3 Bxb5 15. axb5 Qxd6 16. 0-0 c4 17. Qe2 Nd5 18. Ra6 Rb6 19. Ba3 Qxa3 20. Rxa3 Bxa3 21. Qxc4 0-0 22. Ra1 Rxf4 23. Qc8+ Rf8 24. Qd7 Bc5+ 25. Kh1 1/2-1/2

[Event "GBR-ch Morning op 104th"]
[Site "Llandudno"]
[Date "2017.08.01"]
[Round "2"]
[White "Davis, Holden"]
[Black "Faldon, David J"]
[Result "0-1"]
[WhiteElo "1831"]
[BlackElo "1911"]
[PlyCount "64"]
[EventDate "2017.07.31"]
[EventType "swiss"]
[EventRounds "5"]
[EventCountry "WLS"]
[SourceTitle "EXT 2018"]
[Source "ChessBase"]
[SourceDate "2017.10.13"]
[SourceVersion "1"]
[SourceVersionDate "2017.10.13"]
[SourceQuality "1"]

1. e4 c5 2. d4 cxd4 3. c3 dxc3 4. Nxc3 e6 5. Nf3 a6 6. Bc4 b5 7. Bb3 Bb7 8. 0-0 Nc6 9. Qe2 Bc5 10. e5 Qc7 11. Bf4 Nd4 12. Nxd4 Bxd4 13. Rac1 Bxc3 14. Rxc3 Bc6 15. Bc2 Ne7 16. Rh3 Qb7 17. Qg4 Be4 18. Bxe4 Qxe4 19. Qf3 Qxf3 20. Rxf3 Nd5 21. Bg3 0-0 22. Rb3 Rfc8 23. f3 Rc2 24. Rf2 Rac8 25. Rxc2 Rxc2 26. a4 b4 27. a5 Rc5 28. Be1 Rxa5 29. Kf2 f6 30. exf6 gxf6 31. g3 Rc5 32. Ke2 a5 0-1

[Event "GBR-ch Morning op 104th"]
[Site "Llandudno"]
[Date "2017.07.31"]
[Round "1"]
[White "Bryant, Richard BE"]
[Black "Davis, Holden"]
[Result "1-0"]
[WhiteElo "1976"]
[BlackElo "1831"]
[PlyCount "103"]
[EventDate "2017.07.31"]
[EventType "swiss"]
[EventRounds "5"]
[EventCountry "WLS"]
[SourceTitle "EXT 2018"]
[Source "ChessBase"]
[SourceDate "2017.10.13"]
[SourceVersion "1"]
[SourceVersionDate "2017.10.13"]
[SourceQuality "1"]

1. e4 e6 2. Nc3 d5 3. d4 Bb4 4. e5 c5 5. a3 Bxc3+ 6. bxc3 Qa5 7. Bd2 Qa4 8. Nf3 Nc6 9. Bf4 Qa5 10. Qd2 Nge7 11. Bd3 c4 12. Be2 Bd7 13. 0-0 h6 14. h4 Qa4 15. Rfb1 0-0-0 16. Qc1 Rdf8 17. Qb2 b6 18. Qc1 f6 19. exf6 Rxf6 20. Rb4 Qa6 21. Rb2 Rhf8 22. Bd6 Rg8 23. a4 Nf5 24. Bh2 Na5 25. Be5 Rf7 26. g3 Qb7 27. Ne1 Bc6 28. Ng2 g5 29. h5 Qd7 30. Kh2 Nd6 31. f3 Nf5 32. Rba2 Qe8 33. g4 Ne7 34. Qa3 Qd7 35. Re1 Rgf8 36. Rf1 Nb7 37. Raa1 Kd8 38. Ne3 Nc8 39. Nd1 Na5 40. Nb2 Qe7 41. Qa2 Be8 42. Rae1 Nc6 43. Bg3 Rf6 44. Kg2 Bf7 45. a5 Bg8 46. axb6 Nxb6 47. Na4 Nxa4 48. Qxa4 Qd7 49. Rb1 R6f7 50. Rb2 Qc8 51. Rfb1 Rd7 52. Rb8 1-0

[Event "BCF-chT4S 1617 (4NCL)"]
[Site "England"]
[Date "2017.04.29"]
[Round "9.61"]
[White "Gregory, Stephen J"]
[Black "Davis, Holden"]
[Result "1/2-1/2"]
[WhiteElo "2095"]
[BlackElo "1786"]
[PlyCount "56"]
[EventDate "2016.11.26"]
[EventType "team-swiss"]
[EventRounds "11"]
[EventCountry "ENG"]
[SourceTitle "EXT 2019"]
[Source "ChessBase"]
[SourceDate "2018.10.10"]
[SourceVersion "1"]
[SourceVersionDate "2018.10.10"]
[SourceQuality "1"]
[WhiteTeam "Anglian Avengers III"]
[BlackTeam "Cambridge University III"]
[WhiteTeamCountry "ENG"]
[BlackTeamCountry "ENG"]

1. e4 e6 2. d3 d5 3. Nd2 Nf6 4. g3 Nc6 5. Bg2 dxe4 6. dxe4 e5 7. Ngf3 Bc5 8. 0-0 0-0 9. h3 a5 10. Qe2 Qe7 11. Nb3 Ba7 12. Kh2 Be6 13. c3 a4 14. Nbd2 Rfd8 15. Ng5 Ng4+ 16. hxg4 Qxg5 17. Bh3 Qe7 18. f4 f6 19. Nf3 Qc5 20. Re1 Bc4 21. Qg2 Rd3 22. g5 Qf2 23. Qxf2 Bxf2 24. Bf1 Bxe1 25. Nxe1 Rad8 26. Nxd3 Bxd3 27. Bg2 fxg5 28. Be3 Bc4 1/2-1/2

[Event "BCF-chT4S 1617 (4NCL)"]
[Site "England"]
[Date "2017.03.18"]
[Round "7.41"]
[White "Davis, Holden"]
[Black "Woodhouse, Stephen V"]
[Result "1/2-1/2"]
[WhiteElo "1786"]
[BlackElo "1878"]
[PlyCount "55"]
[EventDate "2016.11.26"]
[EventType "team-swiss"]
[EventRounds "11"]
[EventCountry "ENG"]
[SourceTitle "EXT 2019"]
[Source "ChessBase"]
[SourceDate "2018.10.10"]
[SourceVersion "1"]
[SourceVersionDate "2018.10.10"]
[SourceQuality "1"]
[WhiteTeam "Cambridge University III"]
[BlackTeam "Wood Green II"]
[WhiteTeamCountry "ENG"]
[BlackTeamCountry "ENG"]

1. e4 e6 2. d4 d5 3. Nd2 c5 4. exd5 Qxd5 5. Ngf3 cxd4 6. Bc4 Qd6 7. 0-0 Nf6 8. Nb3 Nc6 9. Nbxd4 Nxd4 10. Nxd4 a6 11. c3 Qc7 12. Be2 Bd6 13. h3 0-0 14. Bd3 Rd8 15. Bg5 Bh2+ 16. Kh1 Bf4 17. Bxf6 gxf6 18. Qg4+ Kh8 19. Qh4 f5 20. Rad1 Bd7 21. Qf6+ Kg8 22. Rfe1 Re8 23. g3 Bc6+ 24. Kh2 Bd6 25. Qg5+ Kf8 26. Qh6+ Kg8 27. Nxf5 exf5 28. Qg5+ 1/2-1/2

[Event "BCF-ch Week1 AM op"]
[Site "Bournemouth"]
[Date "2016.07.29"]
[Round "5"]
[White "Davis, Holden"]
[Black "Taylor, Mark"]
[Result "1/2-1/2"]
[WhiteElo "1708"]
[BlackElo "1802"]
[PlyCount "46"]
[EventDate "2016.07.25"]
[EventType "swiss"]
[EventRounds "5"]
[EventCountry "ENG"]
[SourceTitle "CBM 173 Extra"]
[Source "ChessBase"]
[SourceDate "2016.08.29"]
[SourceVersion "1"]
[SourceVersionDate "2016.08.29"]
[SourceQuality "1"]

1. e4 c5 2. d4 cxd4 3. c3 dxc3 4. Nxc3 d6 5. Nf3 Bg4 6. Bc4 e6 7. 0-0 Qc7 8. Bb3 a6 9. Be3 Nf6 10. Rc1 Nc6 11. Qe2 Be7 12. Rfd1 0-0 13. Nd5 exd5 14. exd5 Rfe8 15. dxc6 bxc6 16. Qc4 c5 17. Qxf7+ Kh8 18. Ng5 Rf8 19. Ne6 Bxe6 20. Qxe6 Ne8 21. Bxc5 dxc5 22. Rd7 Qf4 23. Rf1 Bd6 1/2-1/2

[Event "Glorney Cup"]
[Site "Daventry"]
[Date "2016.07.17"]
[Round "1.12"]
[White "Ashworth, Michael"]
[Black "Davis, Holden"]
[Result "1/2-1/2"]
[WhiteElo "1884"]
[BlackElo "1708"]
[PlyCount "70"]
[EventDate "2016.07.17"]
[EventType "team-tourn"]
[EventRounds "5"]
[EventCountry "ENG"]
[SourceTitle "CBM 173 Extra"]
[Source "ChessBase"]
[SourceDate "2016.08.29"]
[SourceVersion "1"]
[SourceVersionDate "2016.08.29"]
[SourceQuality "1"]
[WhiteTeam "England"]
[BlackTeam "England II"]
[WhiteTeamCountry "ENG"]
[BlackTeamCountry "ENG"]

1. e4 e6 2. d3 d5 3. Nd2 Nf6 4. Ngf3 Be7 5. g3 Nc6 6. Bg2 dxe4 7. dxe4 e5 8. 0-0 Bc5 9. c3 a5 10. Qc2 0-0 11. Nc4 Qe7 12. a4 Rd8 13. Nh4 b6 14. Ne3 Ba6 15. Re1 Bd3 16. Qb3 Bxe3 17. Bxe3 Nxe4 18. Rad1 Nc5 19. Qa3 e4 20. Bxc5 Qxc5 21. Qxc5 bxc5 22. Bxe4 Bxe4 23. Rxd8+ Nxd8 24. Rxe4 Ne6 25. f4 Rb8 26. f5 Ng5 27. Re5 f6 28. Re2 Kf7 29. Ng2 Nf3+ 30. Kf2 Ne5 31. Nf4 c4 32. Rd2 g5 33. fxg6+ hxg6 34. Ke3 Re8 35. Kf2 Rb8 1/2-1/2

[Event "BCF-chT2b 1516 (4NCL)"]
[Site "England"]
[Date "2016.03.19"]
[Round "7.22"]
[White "Moreby, Kurt E"]
[Black "Davis, Holden"]
[Result "0-1"]
[WhiteElo "1757"]
[BlackElo "1707"]
[PlyCount "60"]
[EventDate "2015.11.14"]
[EventType "team-tourn"]
[EventRounds "7"]
[EventCountry "ENG"]
[SourceTitle "EXT 2017"]
[Source "ChessBase"]
[SourceDate "2016.10.25"]
[SourceVersion "1"]
[SourceVersionDate "2016.10.25"]
[SourceQuality "1"]
[WhiteTeam "North East England"]
[BlackTeam "Cambridge II"]
[WhiteTeamCountry "ENG"]
[BlackTeamCountry "ENG"]

1. c4 e5 2. Nc3 g6 3. e3 Bg7 4. d4 Nc6 5. d5 Nce7 6. e4 d6 7. Bg5 f5 8. exf5 Bxf5 9. Bd3 Nf6 10. h3 0-0 11. g4 Bxd3 12. Qxd3 Rb8 13. 0-0-0 a6 14. f3 Qe8 15. h4 b5 16. Bxf6 Bxf6 17. Ne4 bxc4 18. Nxf6+ Rxf6 19. Qxc4 Qb5 20. Qc2 Nxd5 21. a4 Qb7 22. Rd2 Rf4 23. h5 Ne3 24. Qd3 Rxa4 25. Qxe3 Ra1+ 26. Kc2 Qxb2+ 27. Kd3 Ra3+ 28. Ke2 Rxe3+ 29. Kxe3 Qc3+ 30. Ke2 Rb3 0-1

[Event "BCF-chT4 1516 (4NCL)"]
[Site "England"]
[Date "2016.02.13"]
[Round "5.208"]
[White "Scott, David2222"]
[Black "Davis, Holden"]
[Result "1/2-1/2"]
[WhiteElo "1622"]
[BlackElo "1712"]
[PlyCount "77"]
[EventDate "2015.11.14"]
[EventType "team-swiss"]
[EventRounds "11"]
[EventCountry "ENG"]
[SourceTitle "EXT 2017"]
[Source "ChessBase"]
[SourceDate "2016.10.25"]
[SourceVersion "1"]
[SourceVersionDate "2016.10.25"]
[SourceQuality "1"]
[WhiteTeam "Throw in the Tal II"]
[BlackTeam "Cambridge III"]
[WhiteTeamCountry "ENG"]
[BlackTeamCountry "ENG"]

1. c4 e5 2. g3 g6 3. Bg2 Bg7 4. Nc3 d6 5. e4 Ne7 6. Nge2 c5 7. d3 Nbc6 8. 0-0 0-0 9. Bg5 f6 10. Be3 a6 11. a3 Rb8 12. Nd5 b5 13. b3 Nxd5 14. cxd5 Nd4 15. Nxd4 cxd4 16. Bd2 Bd7 17. Rc1 Qb6 18. b4 Rfc8 19. Qb3 f5 20. f3 Qb7 21. Rc2 Rxc2 22. Qxc2 Rc8 23. Qb2 Rc7 24. Rc1 fxe4 25. fxe4 Bg4 26. Rxc7 Qxc7 27. Qc1 Qxc1+ 28. Bxc1 Be2 29. Bf1 Bd1 30. Kf2 Bf6 31. Be2 Bxe2 32. Kxe2 Kf7 33. Kf3 Bd8 34. Kg4 h5+ 35. Kf3 g5 36. h3 Kg6 37. Bd2 Be7 38. g4 Bd8 39. Kg3 1/2-1/2